| 000 | 00496nam a22001697a 4500 | ||
|---|---|---|---|
| 003 | NUST-PNEC | ||
| 005 | 20170116180707.0 | ||
| 008 | 140929b xxu||||| |||| 00| 0 eng d | ||
| 040 | _cPNEC | ||
| 082 | _a621.3822 NAT | ||
| 100 |
_9404 _aNational Semiconductor |
||
| 245 |
_aNational Application specific analog products databook _cNational Semiconductor |
||
| 260 |
_aCalifornia _bNational Semiconductor Corporation |
||
| 300 | _axxviii, (various pagings) | ||
| 650 | _xEL, EE | ||
| 942 |
_2ddc _cBK |
||
| 999 |
_c60793 _d60793 |
||